| 000 | 01082nam a2200373 a 4500 | ||
|---|---|---|---|
| 003 | AR-BaBNM | ||
| 005 | 20251128205129.0 | ||
| 008 | 082120s2002 ||||||||||||||000 | spa|| | ||
| 020 | _a950-40-0135-1 | ||
| 040 | _cAR-BaBNM | ||
| 100 | 1 | _aCoriat, Benjamín | |
| 245 | 0 | 0 |
_aMade in France _bcómo enfrentar los desafíos de la competitividad industrial |
| 250 | _a1ª ed. | ||
| 260 |
_aBuenos Aires _bAlianza Editorial _c1995 |
||
| 300 |
_a467 p. _bgráfs., tablas |
||
| 490 | 0 | _aAlianza Estudio | |
| 500 | _aAbreviaturas en p.465-467 | ||
| 504 | _aContiene bibliografí en p. 453-464 | ||
| 650 | 4 | _aECONOMIA | |
| 650 | 4 | _aPOLITICA | |
| 650 | 4 | _aPRODUCCION | |
| 650 | 4 | _aECONOMIA INDUSTRIAL | |
| 650 | 4 | _aFACTORES DE PRODUCCION | |
| 650 | 4 | _aGESTION DE LA PRODUCCION | |
| 651 | 4 | _aFrancia | |
| 653 | _aGLOBALIZACION | ||
| 700 | 1 | _aTaddéi, Dominique | |
| 700 | 1 |
_aBrousse, Irene _etraductor |
|
| 700 | 1 |
_aCalvo, Alicia _etraductor |
|
| 700 | 1 |
_aVera, Lucía _etraductor |
|
| 700 | 1 |
_aNeffa, Julio César _eprologuista |
|
| 942 | _cBK | ||
| 998 | _cEnrique | ||
| 999 |
_c10114 _d10114 |
||